000 00678cam a22002293a 4500
001 6012
003 PGUSA
005 20140828083127.0
008 040701s2004||||xxu|||||s|||||000 1 eng d
040 _aPGUSA
_beng
042 _adc
050 4 _aPS
100 1 _aSimms, William Gilmore,
_d1806-1870
245 1 0 _aCharlemont; Or, The Pride of the Village. a Tale of Kentucky
_h[electronic resource] /
_cWilliam Gilmore Simms
260 _bProject Gutenberg,
_c2004
506 _aPublic domain in the USA.
516 _aElectronic text
653 _aKentucky -- Fiction
830 0 _aProject Gutenberg
_v6012
856 4 0 _uhttp://www.gutenberg.org/ebooks/6012
942 _cEB
999 _c235340
_d235340